000 00528nam a22001697a 4500
003 MACL
005 20160719160812.0
008 160719b xxu||||| |||| 00| 0 eng d
040 _cMACL
041 _aHindi
082 _a400
100 _aसमीर, संत
_964771
245 _aहिंदी की वर्तनी
_cसंत समीर
260 _aनई दिल्‍ली
_bप्रभात प्रकाशन
_c2014
650 _aभाषा विज्ञान
_950429
942 _2ddc
_cHIN
999 _c54503
_d54503